[Event "AUTO-BEG-563"]
[Site "http://www.queenalice.com/game.php?id=1139808"]
[Date "2013.1.12"]
[Round "2"]
[White "Guts"]
[Black "BigOli1724"]
[Result "1-0"]
[WhiteElo "1530"]
[BlackElo "1487"]

1. d4 d5 2. c4 dxc4 3. Nc3 Nc6 4. Nf3 e6 5. e4 Bd6 6. Bxc4 Nf6 7. e5 Be7 8. exf6
Bxf6 9. Be3 O-O 10. O-O Bd7 11. d5 Na5 12. dxe6 fxe6 13. Bd3 Qe7 14. Qe2 Qd6 15.
Ne4 Qe7 16. Nxf6+ Rxf6 17. Bd4 1-0

[Event "AUTO-BEG-563"]
[Site "http://www.queenalice.com/game.php?id=1139809"]
[Date "2013.1.12"]
[Round "2"]
[White "papyrusmoon"]
[Black "Guts"]
[Result "0-1"]
[WhiteElo "1336"]
[BlackElo "1424"]

1. e4 e6 2. d4 d5 3. Nc3 c5 4. exd5 exd5 5. dxc5 d4 6. Bb5+ Nc6 7. Qe2+ Be7 8.
Ne4 Be6 9. Bd2 Nf6 10. Nf3 O-O 11. Neg5 Bg4 12. h3 Bh5 13. g4 Bg6 14. O-O-O Bxc5
15. Bc4 Re8 16. Qf1 h6 17. b4 Bd6 18. h4 hxg5 19. hxg5 Nh7 20. b5 Na5 21. Bd5
Ba3+ 22. Kb1 Qxd5 23. Nh4 Re5 24. f4 Bxc2+ 25. Kxc2 Qxa2+ 26. Kd3 Qc4# 0-1

[Event "AUTO-BEG-563"]
[Site "http://www.queenalice.com/game.php?id=1139810"]
[Date "2013.1.12"]
[Round "2"]
[White "Guts"]
[Black "papyrusmoon"]
[Result "1-0"]
[WhiteElo "1410"]
[BlackElo "1350"]

1. d4 d5 2. c4 e6 3. Nc3 Nf6 4. Nf3 c6 5. Bg5 dxc4 6. e4 b5 7. a4 Bb4 8. e5 h6
9. exf6 hxg5 10. fxg7 Rg8 11. Be2 Rxg7 12. O-O Nd7 13. axb5 cxb5 14. Nxb5 a6 15.
Nc3 g4 16. Nd2 Nf6 17. Nxc4 Bb7 18. Ne5 g3 19. fxg3 Bxc3 20. bxc3 Qc7 21. Rxf6
Qxc3 22. Qa4+ Ke7 23. Qd7+ Kf8 24. Rxf7+ Rxf7 25. Qxf7# 1-0

[Event "AUTO-INT-2545"]
[Site "http://www.queenalice.com/game.php?id=1146998"]
[Date "2013.1.30"]
[Round "1"]
[White "Ralfostarr"]
[Black "Guts"]
[Result "0-1"]
[WhiteElo "1540"]
[BlackElo "1544"]

1. Nf3 d5 2. g3 Nf6 3. Bg2 Nc6 4. O-O Bg4 5. Nc3 d4 6. Nb5 a6 7. Na3 e5 8. d3
Bd6 9. Bg5 h6 10. Bxf6 Qxf6 11. Nc4 O-O 12. Qd2 Rfe8 13. b4 Bxb4 14. Qd1 b5 15.
Rb1 bxc4 16. Nxe5 Rxe5 17. Bxc6 Qxc6 18. Rxb4 cxd3 19. Qxd3 Bxe2 20. Qxd4 Rd5
21. Qe4 Bxf1 22. Kxf1 Rd1+ 23. Ke2 Qxe4+ 24. Rxe4 Rd7 25. f4 Kf8 26. h4 Re8 27.
Re3 Rxe3+ 28. Kxe3 f5 29. c4 Rd1 30. Kf3 Rc1 31. g4 Rxc4 32. gxf5 c5 33. Kg4 Kf7
34. Kh5 Rxf4 35. a4 Rxf5+ 36. Kg4 g6 37. a5 c4 38. h5 Rxh5 39. Kf3 Rd5 40. Ke4
Rd8 41. Ke5 c3 42. Kf4 c2 43. Kg3 c1=Q 44. Kh2 Qe3 45. Kh1 Qe2 46. Kg1 Rd1# 0-1

[Event "AUTO-INT-2545"]
[Site "http://www.queenalice.com/game.php?id=1146999"]
[Date "2013.1.30"]
[Round "1"]
[White "Guts"]
[Black "Ralfostarr"]
[Result "1-0"]
[WhiteElo "1583"]
[BlackElo "1515"]

1. d4 d5 2. c4 dxc4 3. Nc3 e6 4. e4 Bb4 5. Bxc4 Bxc3+ 6. bxc3 Qh4 7. Qf3 b6 8.
Nh3 Nf6 9. e5 Qe4+ 10. Be2 Qxf3 11. Bxf3 Nd5 12. c4 Nb4 13. Bxa8 Nc2+ 14. Kd2
Nxa1 15. Bb2 c6 16. Bxa1 Ba6 17. Rc1 O-O 18. d5 exd5 19. cxd5 Rd8 20. d6 Bb5 21.
Bb7 Rd7 22. Bc8 Rd8 23. Bg4 c5 24. Be2 Bd7 25. Bc4 Nc6 26. Ng5 Nxe5 27. Bxe5 b5
28. Nxf7 Re8 29. Bd5 c4 30. f4 Be6 31. Bxe6 Rxe6 32. d7 Kxf7 33. d8=N+ Ke7 34.
Nxe6 Kxe6 35. Bxg7 Kf5 36. Ke3 a5 37. g3 Kg4 38. Bc3 b4 39. Bxb4 axb4 40. Rxc4
h5 41. Rxb4 Kh3 42. Kf3 Kxh2 43. a4 h4 44. gxh4 Kh1 45. Rb2 Kg1 46. a5 Kh1 47.
a6 Kg1 48. a7 Kh1 49. Kg3 Kg1 50. Rb1# 1-0

[Event "AUTO-INT-2545"]
[Site "http://www.queenalice.com/game.php?id=1147014"]
[Date "2013.1.30"]
[Round "1"]
[White "elson09"]
[Black "Guts"]
[Result "0-1"]
[WhiteElo "1413"]
[BlackElo "1460"]

1. e4 e6 2. Nf3 d5 3. e5 c5 4. d4 Nc6 5. Bb5 Qb6 6. Bxc6+ bxc6 7. O-O cxd4 8.
Qxd4 Bc5 9. Qh4 Ba6 10. Be3 Bxf1 11. Kxf1 Bxe3 12. fxe3 Qxb2 13. Qa4 Ne7 14. Qb3
Qxa1 15. Ne1 O-O 0-1

[Event "AUTO-INT-2545"]
[Site "http://www.queenalice.com/game.php?id=1147015"]
[Date "2013.1.30"]
[Round "1"]
[White "Guts"]
[Black "elson09"]
[Result "1-0"]
[WhiteElo "1444"]
[BlackElo "1455"]

1. d4 Nf6 2. c4 d5 3. Nc3 e6 4. Nf3 Bb4 5. Bg5 h6 6. Bh4 O-O 7. c5 Ne4 8. Bxd8
Rxd8 9. Qc2 a5 10. e3 Bxc3+ 11. bxc3 a4 12. Bd3 Nf6 13. O-O Nc6 14. c4 Nb4 15.
Qb1 1-0

[Event "AUTO-INT-2545"]
[Site "http://www.queenalice.com/game.php?id=1147026"]
[Date "2013.1.30"]
[Round "1"]
[White "Guts"]
[Black "ReidoBaralho"]
[Result "1-0"]
[WhiteElo "1511"]
[BlackElo "1581"]

1. e4 d6 2. f4 Nh6 3. Nf3 Bg4 4. Be2 g6 5. O-O Bg7 6. h3 Bxf3 7. Bxf3 O-O 8. e5
dxe5 9. Bxb7 Qd4+ 10. Kh1 exf4 11. Bxa8 Nf5 12. Kh2 Be5 13. Bf3 Nh4 14. c3 Qd3
15. Qe2 Qf5 16. d4 Bf6 17. Qe4 Qg5 18. Bxf4 Qb5 19. Na3 Qxb2 20. Nc4 Qxc3 21.
Rac1 Qb4 22. Bxc7 Bg5 23. Bf4 f5 24. Qe6+ Kg7 25. Bxg5 Nxf3+ 26. gxf3 Qb7 27.
Qxe7+ Rf7 28. Qxb7 Rxb7 29. Rfe1 Nc6 30. Ne5 Nxd4 31. Nc6 Nxf3+ 32. Kg3 Nxg5 33.
Re7+ Kh6 34. Rxb7 1-0

[Event "AUTO-INT-2545"]
[Site "http://www.queenalice.com/game.php?id=1147027"]
[Date "2013.1.30"]
[Round "1"]
[White "ReidoBaralho"]
[Black "Guts"]
[Result "0-1"]
[WhiteElo "1601"]
[BlackElo "1491"]

1. e4 e6 2. e5 d5 3. d4 c5 4. Na3 Nc6 5. Bb5 h6 6. Be3 cxd4 7. Bxd4 Ne7 8. Bc5
a6 9. Bxc6+ Nxc6 10. Bxf8 Rxf8 11. Nf3 d4 12. Nc4 b5 13. Nd6+ Ke7 14. Nxd4 Nxe5
15. Ne4 Bb7 16. O-O Bxe4 17. Qh5 Nc4 18. Qh4+ g5 19. Qxe4 Qd5 20. Qd3 Rad8 21.
Rfd1 Kf6 22. Qc3 e5 23. Nf3 Qxd1+ 24. Rxd1 Rxd1+ 25. Ne1 Nxb2 26. g3 Rfd8 27.
Kg2 Nc4 28. Nf3 g4 29. Nh4 R8d4 30. Qb4 Ne3+ 0-1

[Event "AUTO-OPEN-2850"]
[Site "http://www.queenalice.com/game.php?id=1158457"]
[Date "2013.3.6"]
[Round "2"]
[White "NeyFLA"]
[Black "Guts"]
[Result "0-1"]
[WhiteElo "1800"]
[BlackElo "1596"]

1. d4 e6 2. e4 d5 3. Nc3 Nf6 4. e5 Nfd7 5. Nf3 c5 6. Bd3 Nc6 7. Bg5 Be7 8. Bxe7
Nxe7 9. dxc5 Nxc5 10. Bb5+ Nd7 11. O-O O-O 12. a3 Qb6 13. Qd3 a6 14. Bxd7 Bxd7
15. b4 Rac8 16. Rac1 Qc7 17. Ne2 Bb5 18. Qd2 Qc4 19. Rfe1 Qa2 20. Nc3 Qxa3 21.
Nxb5 axb5 22. Nd4 Qa6 23. Ra1 Qb6 24. Ra5 Nc6 25. Nxc6 Rxc6 26. Qd3 Rc4 27. c3
Rfc8 28. h3 Qc7 29. Rc1 Rxb4 30. Rxb5 Rc4 31. Qe3 Rxc3 32. Rxc3 Qxc3 33. Qf4 Qc6
34. Qb4 Qc1+ 35. Kh2 Rc4 36. Qb3 Qf4+ 37. Qg3 Qxg3+ 38. Kxg3 Rc7 39. Kf3 g6 40.
g3 Kg7 41. Ke3 g5 42. Rb4 Kg6 43. Rb3 h5 44. f4 g4 45. hxg4 hxg4 0-1

[Event "AUTO-OPEN-2850"]
[Site "http://www.queenalice.com/game.php?id=1158458"]
[Date "2013.3.6"]
[Round "2"]
[White "Guts"]
[Black "NeyFLA"]
[Result "1-0"]
[WhiteElo "1560"]
[BlackElo "1746"]

1. d4 d5 2. c4 e6 3. Nc3 Nf6 4. Nf3 c5 5. Bg5 Be7 6. e3 Nc6 7. Be2 O-O 8. O-O
cxd4 9. Nxd4 Nxd4 10. exd4 dxc4 11. Bxc4 b6 12. Rc1 Bb7 13. Bf4 h6 14. Be5 Qc8
15. Bb3 Qc6 16. Nd5 Qd7 17. Nxe7+ Qxe7 18. Rc7 1-0

[Event "AUTO-OPEN-2850"]
[Site "http://www.queenalice.com/game.php?id=1158461"]
[Date "2013.3.6"]
[Round "2"]
[White "Kavkaz95"]
[Black "Guts"]
[Result "1/2-1/2"]
[WhiteElo "2161"]
[BlackElo "1653"]

1. e4 e6 2. d4 d5 3. exd5 exd5 4. c4 Nf6 5. Nc3 Nc6 6. Bg5 Be7 7. Nf3 O-O 8. Bd3
h6 9. Bxf6 Bxf6 10. Nxd5 Bxd4 11. Nxd4 Nxd4 12. O-O c5 13. a3 b6 14. b4 Bb7 15.
Be4 f5 16. Bf3 Nxf3+ 17. Qxf3 cxb4 18. axb4 b5 19. Nf6+ Qxf6 20. Qxb7 bxc4 21.
Rxa7 Rab8 22. Qd5+ Kh8 23. Qxc4 Rb6 24. Raa1 Rfb8 25. Rab1 f4 26. Rfe1 f3 27. g3
Qf5 28. Qe4 Qf8 29. Re3 Rxb4 30. Rxb4 Rxb4 31. Qxf3 Qxf3 32. Rxf3 Rb1+ 33. Kg2
Rb6 34. h4 Kh7 35. g4 Kg6 36. Rc3 h5 37. g5 Kf5 38. Kg3 Rb4 39. f3 Kg6 40. Re3
Kf5 41. Re7 Kg6 42. Re4 Rb1 43. Kf4 Rh1 44. Ke5 Rh3 45. Rf4 Rh2 46. Rc4 Rh3 47.
Rc6+ Kh7 48. g6+ Kh6 49. Kf4 Rxh4+ 50. Kf5 Rb4 51. f4 Rb5+ 52. Ke4 h4 53. f5 Kg5
54. Rc7 Rxf5 55. Rxg7 Rf6 56. Ke3 Rxg6 57. Rxg6+ Kxg6 58. Kf3 Kg5 59. Kg2
1/2-1/2

[Event "AUTO-OPEN-2850"]
[Site "http://www.queenalice.com/game.php?id=1158462"]
[Date "2013.3.6"]
[Round "2"]
[White "Guts"]
[Black "Kavkaz95"]
[Result "0-1"]
[WhiteElo "1620"]
[BlackElo "2111"]

1. d4 f6 2. c4 e5 3. dxe5 fxe5 4. e4 Nf6 5. Nf3 Nc6 6. Nc3 Bb4 7. Bd3 O-O 8. Bg5
d6 9. h3 Qe8 10. O-O Be6 11. Rc1 Qg6 12. Kh2 Nh5 13. Nd5 Rxf3 14. gxf3 Qxg5 15.
f4 Nxf4 16. Nxf4 Qxf4+ 17. Kh1 Bxh3 18. Rg1 Qh4 19. Rg2 Bxg2+ 20. Kxg2 Rf8 21.
Qh1 Rxf2+ 0-1

[Event "Challenge"]
[Site "http://www.queenalice.com/game.php?id=1164615"]
[Date "2013.3.25"]
[Round "-"]
[White "BAMATOS"]
[Black "Guts"]
[Result "0-1"]
[WhiteElo "1208"]
[BlackElo "1618"]

1. b4 e5 2. c3 Nf6 3. Bb2 d5 4. Na3 c5 5. b5 c4 6. Qc2 Qa5 7. e4 Bxa3 8. Bxa3
Qxa3 9. Nf3 Qd6 10. O-O-O dxe4 11. Ng5 Bf5 12. Bxc4 O-O 13. Bxf7+ Rxf7 14. Qb3
Bg6 15. Rhe1 h6 16. Nxf7 Bxf7 0-1

[Event "OS INCLIVEIS"]
[Site "http://www.queenalice.com/game.php?id=1175119"]
[Date "2013.4.25"]
[Round "-"]
[White "adelio"]
[Black "Guts"]
[Result "0-1"]
[WhiteElo "1675"]
[BlackElo "1667"]

1. d4 c6 2. b4 e6 3. h4 Bxb4+ 4. c3 Be7 5. Nf3 d5 6. Nbd2 Nf6 7. Ng5 h6 8. Nxf7
Kxf7 9. e3 Nbd7 10. g4 e5 11. h5 Qa5 12. Bb2 e4 13. f4 exf3 14. Qxf3 c5 15. Bd3
Ke8 16. O-O Qb6 17. Rab1 Qe6 18. Bf5 Qd6 19. Bg6+ Kd8 20. Ba3 b6 21. Bf5 Qc6 22.
Rfe1 Re8 23. Kf2 Nf8 24. Nb3 c4 25. Bxe7+ Rxe7 26. Nd2 Bxf5 27. Qxf5 Qe6 28.
Qxe6 Rxe6 29. Kg3 N8h7 30. Nf3 Ne4+ 31. Kh2 Nhf6 32. Rg1 Nxc3 33. Rbe1 Nxa2 34.
Ne5 Rc8 35. Ra1 Nc3 36. Rxa7 Re7 37. Rxe7 Kxe7 38. g5 hxg5 39. Rxg5 b5 40. Rxg7+
Ke6 41. h6 Rh8 42. Rg6 b4 43. Ng4 Ne4 44. Kg2 b3 45. Nxf6 Nxf6 46. Kf3 b2 47.
Rg1 Rb8 48. Rb1 c3 49. Ke2 c2 50. e4 cxb1=Q 51. h7 Qxe4+ 52. Kf2 b1=Q 53. h8=Q
Rxh8 54. Kg3 Qg1# 0-1

[Event "AUTO-INT-2545"]
[Site "http://www.queenalice.com/game.php?id=1177773"]
[Date "2013.5.2"]
[Round "2"]
[White "Guts"]
[Black "kakocarvalho"]
[Result "0-1"]
[WhiteElo "1669"]
[BlackElo "1781"]

1. d4 g6 2. c4 Bg7 3. Nc3 d6 4. Nf3 Nf6 5. e4 O-O 6. Bd3 Nbd7 7. Bg5 b6 8. d5
Bb7 9. O-O c6 10. Rc1 Qc7 11. Bf4 cxd5 12. Nxd5 Nxd5 13. cxd5 Qd8 14. b4 e5 15.
Bg5 Nf6 16. Qa4 a6 17. Rc2 b5 18. Qa3 Qb6 19. Be3 Qd8 20. Rfc1 Ne8 21. Nd2 f5
22. exf5 gxf5 23. f3 f4 24. Bf2 Bxd5 25. Ne4 Kh8 26. Qa5 Bb7 27. Bb6 Qd7 28. Rc7
Nxc7 29. Rxc7 Qe6 30. Rxb7 Qd5 31. Rxg7 Qxd3 32. Rc7 Rg8 0-1

[Event "AUTO-INT-2545"]
[Site "http://www.queenalice.com/game.php?id=1177774"]
[Date "2013.5.2"]
[Round "2"]
[White "kakocarvalho"]
[Black "Guts"]
[Result "1-0"]
[WhiteElo "1835"]
[BlackElo "1662"]

1. Nf3 d5 2. g3 Nf6 3. Bg2 Nc6 4. O-O e5 5. d3 Bd6 6. b3 O-O 7. Bb2 Bg4 8. Nbd2
Re8 9. Rb1 Bxf3 10. Nxf3 e4 11. Nd2 exd3 12. exd3 Be5 13. Re1 Bxb2 14. Rxb2 Qd7
15. Nf3 Rxe1+ 16. Nxe1 Re8 17. c3 d4 18. c4 b6 19. Nc2 Ne5 20. Nb4 Qf5 21. Re2
c5 22. Nd5 Ned7 23. Rxe8+ Nxe8 24. Ne7+ 1-0